[Event "Speed Chess Championship 2020"]
[Site "Online"]
[Date "2020.12.06"]
[Round "2.6"]
[White "Aronian, Levon"]
[Black "Vachier-Lagrave, Maxime"]
[Result "1-0"]
[WhiteElo "2781"]
[BlackElo "2784"]
[Annotator "TA"]
[PlyCount "95"]
[EventDate "2020.10.31"]
[EventType "k.o."]
[EventCountry "NET"]
[SourceTitle "playchess.com"]
[Source "ChessBase"]
[SourceQuality "1"]

{[%evp 9,95,19,16,17,15,0,4,5,0,1,6,0,13,13,18,11,12,5,10,0,12,8,22,0,21,0,37,32,31,18,38,30,45,29,44,0,10,0,0,0,72,75,60,64,106,114,103,104,197,190,190,188,188,172,186,169,180,131,162,129,135,131,204,205,222,225,200,201,281,279,279,256,266,269,275,277,277,277,282,286,691,687,667,629,6694,6582,5306,5004]} 1. e4 c5 2. Nf3 d6 3. Nc3 Nf6 4. d4 cxd4 5. Qxd4 Nc6 6. Qe3 {B53: Sicilian: 2...d6: Lines with Qxd4.} g6 7. Bc4 Bg7 8. h3 {The position is equal.} O-O 9. O-O Na5 10. Be2 Be6 11. Rd1 Qc7 12. Nd4 {[#]} Bd7 $146 ({Predecessor:} 12... Bc4 13. Bf3 Nd7 14. b3 Ba6 15. Nd5 Qd8 16. c4 Nc6 17. Bb2 Nxd4 18. Bxd4 Ne5 {1-0 (34) Braeuner,U (2181)-Boettcher,U (2069) Magdeburg 2016}) 13. Qg5 Nc6 14. Nb3 Nb4 15. Bd2 Rac8 ({Of course not} 15... Nxc2 $6 16. Rac1 $16) 16. Qh4 Nc6 ({Don't go for} 16... Nxc2 $2 17. Rac1 $18) 17. Bh6 Qb6 18. Be3 Qc7 19. a4 {[%cal Ba2a4,Ba4a5][%mdl 32]} a6 20. a5 Ne5 21. Bb6 Qb8 $1 22. Rac1 Nc4 23. Bxc4 Rxc4 24. Nd2 Rc6 (24... Rb4 $11) 25. Nd5 $16 Re8 26. Bd4 e5 27. Nxf6+ Bxf6 28. Qxf6 {aiming for Bb6.} Re6 {[#]} (28... exd4 $16 29. Qxd4 Qc7) 29. Qh4 $1 $18 ({Don't do} 29. Ba7 $6 Qxa7 30. Qd8+ Be8 $14) 29... exd4 30. Nf3 Re8 31. Rxd4 Qc7 32. Qh6 $40 {[%mdl 128] Hoping for Ng5. White is out for blood.} f6 33. b4 Rc4 34. Rcd1 {Black must now prevent Rxc4.} Rxd4 35. Rxd4 Bc6 (35... Qxc2 $16 36. Rxd6 Bc6) 36. Qf4 Re6 37. Nd2 Qe7 38. f3 Bb5 39. c4 Bc6 40. Kh2 Re5 41. Nf1 f5 42. exf5 Rxf5 43. Qxd6 Qe1 44. Ng3 Rxf3 $2 {[#]} (44... Qe5 45. Qxe5 Rxe5) 45. b5 $1 {[%cal Rb5c6] White is clearly winning.} axb5 46. cxb5 Be8 47. Qd5+ Rf7 48. Re4 {Weighted Error Value: White=0.07/Black=0.26} 1-0

[Event "Speed Chess Championship 2020"]
[Site "Online"]
[Date "2020.11.19"]
[Round "2.6"]
[White "Duda, Jan-Krzysztof"]
[Black "So, Wesley"]
[Result "1-0"]
[WhiteElo "2743"]
[BlackElo "2816"]
[Annotator "TA"]
[PlyCount "91"]
[EventDate "2020.10.31"]
[EventType "k.o."]
[EventCountry "NET"]
[SourceTitle "playchess.com"]
[Source "ChessBase"]
[SourceQuality "1"]

{[%evp 18,91,13,0,12,2,34,0,0,0,13,2,66,41,52,37,59,62,54,61,58,59,65,71,76,54,64,33,41,37,43,22,30,18,25,10,64,70,99,90,91,28,65,71,141,105,100,49,175,172,166,180,174,168,148,120,196,186,220,220,220,184,184,184,475,474,445,445,445,434,1252,1195,866,1090,921,820]} 1. e4 e5 2. Nf3 Nc6 3. Bc4 Nf6 4. d3 Bc5 5. O-O O-O 6. Bg5 h6 7. Bh4 g5 8. Bg3 d6 9. c3 a6 10. Bb3 Ba7 {C54: Giuoco Piano: 4 c3 Nf6, main lines with 5 d4 and 5 d3.} 11. Nbd2 Kg7 12. Re1 {[#]} Ng8 $146 {The position is equal.} ({Predecessor:} 12... Re8 13. Nf1 Bd7 14. h3 Ne7 15. Ne3 Ng6 16. Nh2 Qc8 17. Qf3 Nf4 18. Rad1 Bc6 {1-0 (56) Ajrapetian,G (2398)-Pervakov,S (2119) Sochi 2018}) 13. Nf1 f5 14. exf5 $1 Bxf5 ({Black should play} 14... Nge7 $11) 15. Ne3 Bxe3 16. Rxe3 Nf6 17. d4 $1 {[%cal Rd4e5]} e4 18. d5 exf3 19. dxc6 bxc6 20. Qxf3 {[%mdl 64] Double Attack} ({Much weaker is} 20. Rxf3 Bg4 $17) 20... Qd7 21. Rae1 {Black must now prevent Re7+.} Rae8 {Hoping for ...Bg4.} 22. Qd1 Rxe3 23. Rxe3 Re8 24. Rxe8 Qxe8 25. f3 c5 26. Qe1 Qd7 (26... Qxe1+ $11 27. Bxe1 Nd7) 27. Qe2 $14 a5 {[%cal Ba6a5,Ba5a4][%mdl 32]} 28. Be1 a4 29. Bd1 (29. Bc4 $16) 29... Bg6 30. c4 d5 (30... Kf8 $142) 31. cxd5 Nxd5 32. Qe5+ (32. Qd2 $16) 32... Kh7 {[#]} (32... Nf6 $14 33. Qe2 Bd3) 33. Bxa4 $1 $18 {[%mdl 512]} Qxa4 34. Qxd5 Qd4+ 35. Qxd4 cxd4 {[%mdl 4096] Endgame KB-KB} 36. Bb4 Kg7 (36... Bc2 $16 37. Kf2 Kg6) 37. a4 {[%cal Ba2a4,Ba4a5][%mdl 32]} Kf6 38. a5 Bd3 39. g4 Ba6 40. Kf2 h5 $2 (40... Bb7 {is a better defense.} 41. Bf8 Kg6) 41. gxh5 {White is clearly winning.} Kg7 42. Bc5 d3 {Threatens to win with ...d2.} 43. Be3 Kh6 (43... Kf6 $142 44. b4 Kf5) 44. h4 Kxh5 45. hxg5 c5 46. Ke1 {Weighted Error Value: White=0.10/Black=0.31} 1-0

[Event "Speed Chess Championship 2020"]
[Site "Online"]
[Date "2020.12.05"]
[Round "2.6"]
[White "Artemiev, Vladislav"]
[Black "Carlsen, Magnus"]
[Result "1/2-1/2"]
[WhiteElo "2708"]
[BlackElo "2862"]
[Annotator "TA"]
[PlyCount "99"]
[EventDate "2020.10.31"]
[EventType "k.o."]
[EventCountry "NET"]
[SourceTitle "playchess.com"]
[Source "ChessBase"]
[SourceQuality "1"]

{[%evp 16,99,0,7,25,10,27,7,13,0,5,0,2,-1,14,14,21,18,59,54,87,74,138,145,135,89,89,89,87,81,89,52,40,33,53,10,72,68,72,8,25,0,0,0,0,0,0,0,0,0,0,0,0,0,0,0,0,0,0,0,0,0,0,0,0,0,0,0,0,0,0,0,0,0,0,0,0,0,0,0,0,0,0,0,0,0]} 1. b3 Nf6 2. Bb2 g6 3. g3 Bg7 4. Bg2 O-O 5. Nf3 d5 6. c4 dxc4 7. bxc4 c5 8. O-O Nc6 9. d3 Ne8 {A05: Réti Opening: 1 Nf3 Nf6.} 10. Qd2 Bd7 11. Nc3 {[%cal Bb1c3,Bc3d5,Bd5f4][%mdl 32] [#]} b6 $146 ({Predecessor:} 11... Nd6 12. Nd5 e6 13. Bxg7 Kxg7 14. Qb2+ f6 15. Nc3 b6 16. Rfd1 Qe7 17. e3 Rac8 {½-½ (44) Bistric,F (2425)-Gyorkos,L (2425) Split 1997}) 12. Nd5 Rc8 13. h4 Bxb2 14. Qxb2 Bg4 15. Ne5 Nxe5 16. Qxe5 Be6 17. Nf4 $36 {[%mdl 2048] White has some pressure.} Bf5 18. a4 {[%cal Ba2a4,Ba4a5][%mdl 32]} Qd6 {[#]} ({Better is} 18... a5) 19. Qxd6 $1 $16 Nxd6 20. a5 b5 21. cxb5 Nxb5 22. Nd5 {And now Rfb1 would win.} Rfe8 23. Rfc1 Nd4 24. Ra2 Kf8 25. e3 Nb5 (25... Nc6 $1 $11 {keeps the balance.}) 26. Rb2 Nd6 27. Rc3 (27. e4 $16 Bd7 28. e5) 27... c4 (27... Be6 {feels hotter.} 28. Nf4 Bd7 29. a6 e6 30. e4 f6) 28. dxc4 Nxc4 {The position is equal.} 29. Rb7 Nxa5 30. Rxa7 Rxc3 31. Nxc3 Nc4 32. Nd5 Nd6 33. Nb4 Rb8 34. Ra8 Rxa8 35. Bxa8 Be4 36. Bxe4 Nxe4 $11 {[%mdl 4096] Endgame KN-KN} 37. Kg2 f5 38. Nd3 Kf7 39. f3 Nd6 40. f4 Kf6 41. Kf3 h6 42. Nc5 g5 43. hxg5+ hxg5 44. fxg5+ Kxg5 45. e4 fxe4+ 46. Nxe4+ Nxe4 47. Kxe4 Kg4 48. Ke5 Kxg3 49. Ke6 Kf4 50. Kxe7 {Accuracy: White = 83%, Black = 84%.} 1/2-1/2

[Event "Speed Chess Championship 2020"]
[Site "Online"]
[Date "2020.12.03"]
[Round "2.6"]
[White "Fedoseev, Vladimir"]
[Black "Nakamura, Hikaru"]
[Result "0-1"]
[WhiteElo "2676"]
[BlackElo "2736"]
[Annotator "TA"]
[PlyCount "94"]
[EventDate "2020.10.31"]
[EventType "k.o."]
[EventCountry "NET"]
[SourceTitle "playchess.com"]
[Source "ChessBase"]
[SourceQuality "1"]

{[%evp 18,94,16,14,22,0,11,1,4,0,0,0,0,0,0,-4,2,0,0,-111,-33,-88,-89,-141,-127,-134,-135,-139,-141,-170,-169,-195,-164,-217,-183,-181,-170,-274,-268,-254,-264,-228,-158,-195,-148,-209,-214,-206,-204,-210,-219,-213,-204,-455,-309,-797,-310,-446,-431,-431,-424,-509,-429,-460,-454,-438,-447,-441,-431,-562,-533,-661,-648,-961,-760,-741,-722,-1042,-1015]} 1. d4 Nf6 2. c4 e6 3. Nf3 d5 4. g3 Be7 5. Bg2 O-O 6. O-O dxc4 7. Qc2 a6 8. a4 Bd7 9. Qxc4 Bc6 10. Bf4 Bd6 {E05: Open Catalan: 5 Nf3 Be7.} 11. Qc1 a5 {11...Nbd7 is the hot move.} 12. Nc3 Na6 {The position is equal.} 13. Bd2 Qe7 $5 {[%mdl 4] A promising side line.} 14. Re1 Nb4 15. Qb1 {next e4 is good for White.} Bxf3 16. Bxf3 c5 {[#]} 17. e3 $146 ({Predecessor:} 17. dxc5 Bxc5 18. Ne4 Rad8 19. Nxf6+ Qxf6 20. Rd1 b6 21. Kg2 e5 22. Bxb4 {½-½ (22) Efendiyev,E (2568)-Cesetti,C (2586) ICCF email 2017}) 17... Rac8 18. Ra3 (18. dxc5 $11 {keeps the balance.} Rxc5 19. Rd1) 18... Rfd8 ({Black should try} 18... cxd4 $17 19. exd4 Nc6 {[%mdl 64] Discovered Attack}) 19. Rd1 (19. Nb5 $15) 19... cxd4 $17 {[%mdl 64] Discovered Attack} 20. exd4 (20. Nb5 $142) 20... Nc6 {[%mdl 64] Discovered Attack} 21. Ra2 Nxd4 22. Bg2 Bc5 23. Be1 b6 24. h3 h5 25. Kh1 {[#]} (25. b3 $142) 25... h4 $1 {[%mdl 512]} 26. g4 (26. gxh4 Nf5) 26... Qc7 27. Qc1 (27. b3 $142) 27... Nb3 28. Qc2 {[#]} Rxd1 $1 29. Qxd1 Nd4 30. g5 Nh7 $40 {[%mdl 128] Black wants a kill.} 31. g6 (31. Ne4 $17 {was necessary.}) 31... fxg6 $19 32. Ne4 Nf6 {White must now prevent ...Nxe4.} 33. Qd3 Nh5 34. Nxc5 Qxc5 35. Ra3 $2 (35. Bd2 {might work better.}) 35... Qc1 36. Qe4 $2 (36. Qe3) 36... Nf6 $2 (36... Nc2 37. Qxe6+ Kh7 38. Qxc8 Qxe1+ {[%mdl 64] Double Attack} 39. Kh2 Nxa3 40. bxa3 Nf4) 37. Qe5 (37. Qe3 $142) 37... Rc5 {Black is clearly winning.} 38. Qe3 Qxb2 39. Rd3 e5 {Strongly threatening ...Nf5.} 40. Bc3 Qb1+ 41. Kh2 Nf5 42. Qe2 Kh7 43. Rd1 Qb3 {[%mdl 64] Double Attack} 44. Ba1 Qxa4 45. Re1 Qf4+ 46. Kg1 Nd4 47. Qd3 Nc2 {White got outplayed after the opening.  Weighted Error Value: White=0.65/Black=0.40} 0-1

[Event "Speed Chess Championship 2020"]
[Site "Online"]
[Date "2020.12.05"]
[Round "2.7"]
[White "Carlsen, Magnus"]
[Black "Artemiev, Vladislav"]
[Result "1-0"]
[WhiteElo "2862"]
[BlackElo "2708"]
[Annotator "TA"]
[PlyCount "61"]
[EventDate "2020.10.31"]
[EventType "k.o."]
[EventCountry "NET"]
[SourceTitle "playchess.com"]
[Source "ChessBase"]
[SourceQuality "1"]

{[%evp 16,61,34,35,32,33,35,32,26,31,33,22,59,57,68,61,53,0,0,0,0,0,459,230,458,441,568,578,581,578,591,580,581,492,473,470,455,416,792,625,763,789,985,980,945,903,1260,1163]} 1. d4 d5 2. c4 c6 3. Nf3 Nf6 4. e3 g6 5. Nc3 Bg7 6. Be2 O-O 7. O-O Bg4 8. cxd5 cxd5 9. Qb3 b6 {D94: Grünfeld: 4 Nf3 Bg7 5 e3.} 10. Bd2 Ne4 {...Bxf3 is the strong threat.} 11. Be1 Nc6 {White is slightly better.} 12. h3 {[#]} Bf5 $146 ({Predecessor:} 12... Na5 13. Qa4 Bd7 14. Qa3 Nxc3 15. Bxc3 Nc6 16. Rfc1 e6 17. Rc2 a5 18. Rac1 Re8 19. Bb5 Na7 20. Bxd7 Qxd7 21. Ne5 Qb5 22. Be1 {½-½ (22) Rodshtein,M (2688)-Balogh,C (2632) Czech Republic 2018}) 13. Bb5 Rc8 14. Qxd5 Nd6 $1 15. Be2 Na5 {Strongly threatening ...e6.} 16. Ne5 (16. Nd2 $14) 16... Rxc3 $1 $11 17. Bxc3 Be4 18. Nxf7 $1 Qc7 $2 {[%mdl 8192]} (18... Rxf7 $11 19. Qg5 Nc6) 19. Nh6+ $1 $18 {[%mdl 64] [#] Discovered Attack (Double check)} Kh8 20. Qg5 Qb7 21. f3 Bd5 22. e4 Bc4 23. Bxc4 Naxc4 24. d5 Bxc3 25. bxc3 Qc7 26. Rad1 Nb2 (26... Nb5 $142 27. Rfe1 a6) 27. Qe5+ {White is clearly winning.} Rf6 28. Ng4 {[%mdl 64] [#] Pin} Qc5+ 29. Kh1 Nxd1 30. Rxd1 Nf7 31. Qb8+ {[%mdl 64] Double Attack. Accuracy: White = 90%, Black = 71%.} 1-0

[Event "Speed Chess Championship 2020"]
[Site "Online"]
[Date "2020.11.19"]
[Round "2.7"]
[White "So, Wesley"]
[Black "Duda, Jan-Krzysztof"]
[Result "1-0"]
[WhiteElo "2816"]
[BlackElo "2743"]
[Annotator "TA"]
[PlyCount "169"]
[EventDate "2020.10.31"]
[EventType "k.o."]
[EventCountry "NET"]
[SourceTitle "playchess.com"]
[Source "ChessBase"]
[SourceQuality "1"]

{[%evp 25,169,0,4,0,0,0,4,0,7,0,0,0,36,0,24,7,9,-25,-25,-31,-31,-31,-36,-64,-57,-103,-62,-96,-91,-111,-78,-68,-70,-75,-45,-45,-38,-33,-17,-16,0,0,0,0,0,0,16,0,0,0,17,0,0,0,0,0,0,0,8,8,30,35,71,71,72,71,71,71,71,53,71,0,36,0,0,0,0,0,90,93,111,101,102,73,80,0,71,53,71,52,73,71,71,71,84,84,84,84,84,71,71,0,73,42,84,84,92,92,103,103,437,424,362,18,20,4,4,0,0,8,29976,29979,29979,29979,29979,29979,29979,29979,29979,29980,0,0,0,0,0,0,8,0,29983,29984,29984,29985,29985,29986,29986,29987]} 1. e4 c5 2. Nf3 d6 3. d4 cxd4 4. Nxd4 Nf6 5. Nc3 a6 6. Be2 e5 7. Nb3 Be7 8. O-O O-O 9. Be3 Be6 10. Qd2 Nbd7 11. a4 Rc8 12. Rfd1 Qc7 13. a5 Rfe8 14. f3 {B92: Sicilian Najdorf: 6 Be2.} h6 15. Bf2 $5 {[%mdl 4] [#] Exploring less charted territory.} Nh5 $146 ({Predecessor:} 15... Rcd8 16. Nc1 Rc8 17. Bf1 Red8 18. Qe1 Nc5 19. N1e2 Qc6 20. h3 Bf8 21. Ng3 Be7 {½-½ (43) Tauscher,K (2335)-Bolz,J (2295) ICCF email 2016}) 16. g3 {The position is equal.} Nhf6 17. Rdc1 Qc6 18. Rd1 Nh7 19. h4 Ndf6 20. Rac1 Qd7 21. Nd5 Nxd5 22. exd5 Bh3 23. c4 Nf6 24. c5 e4 25. Rc4 dxc5 26. d6 {[#]} e3 $1 {[%cal Re3d2][%mdl 512]} 27. Bxe3 {Threatens to win with Kf2.} (27. Qxe3 Bxd6) 27... Bxd6 28. Nxc5 Qe7 29. Ne4 $1 Rxc4 ({Weaker is} 29... Nxe4 30. Rxe4 Be5 31. f4 $16) (29... Rcd8 {looks sharper.} 30. Qe1 Nxe4 31. Rxe4 Qf6 32. Qf2 Rxe4 33. fxe4 Qe7) 30. Nxd6 Rc2 31. Qxc2 Qxe3+ {[%mdl 64] Double Attack} 32. Kh2 Qxe2+ (32... Be6 {keeps more tension.} 33. Nxe8 Qf2+ 34. Kh1 Nh5 35. Rg1 Nxg3+ 36. Rxg3 Qxg3 37. Bd1 Bd7) 33. Qxe2 Rxe2+ 34. Kxh3 Rxb2 $11 {[%mdl 4096] Endgame KRN-KRN} 35. Rc1 g5 36. Rc8+ Kg7 37. Rc7 Kg6 38. hxg5 hxg5 39. Nxf7 Rb5 40. Nd6 Rxa5 41. Rxb7 Rd5 42. Rb6 {Strongly threatening Ne8.} Kg7 43. Rxa6 Rc5 44. g4 Rc3 45. Kg3 Rd3 46. Nf5+ Kf7 47. Ra7+ Kf8 48. Ng7 (48. Kf2 $16) 48... Re3 49. Nf5 Ne4+ 50. Kg2 Re2+ 51. Kg1 Nd2 (51... Re1+ $11 52. Kg2 Re2+ 53. Kg1 Re1+ 54. Kg2 Re2+) 52. Nd4 $16 Re3 53. Kf2 Re5 54. Ra6 Kf7 55. Ra7+ (55. Rc6 $16) 55... Kf6 (55... Kf8 $1 $11) 56. Nf5 Nc4 57. Ra6+ Kf7 58. Rc6 Nb2 59. Nd6+ Ke7 60. Ne4 {Black must now prevent Rg6.} Nd3+ 61. Kg3 {Cut Off at move 61} Kf7 62. Rc7+ Kg6 63. Rc6+ ({White should play} 63. Rc3 $16 Rd5 64. Rc7) 63... Kg7 (63... Kf7 $11 {remains equal.}) 64. Rd6 Nb4 65. Rd7+ Kg6 66. Rd4 Nd5 67. Rc4 {aiming for Rc5.} Kg7 $2 {[%mdl 8192]} (67... Ne7 $16 {is tougher.} 68. Rc7 Kf7) 68. Rc5 $18 Kf7 69. Nc3 $2 (69. Rb5 $18 {Hoping for Nc3!} Ke6 70. Ra5) 69... Ke6 $11 70. Nxd5 Rxd5 71. Rxd5 Kxd5 {KPP-KP} 72. f4 Ke6 $2 {[%mdl 8192] [#]} (72... gxf4+ $11 73. Kxf4 Kd6 74. Kf5 Ke7 75. Kg6 Kf8 76. Kh7 Ke8 77. g5 Kf8) 73. f5+ $1 Ke5 74. Kf3 Kd5 75. Ke3 Ke5 76. Kd3 Kd5 77. Kc3 Kc5 78. Kb3 Kd5 79. Kb4 $1 {[%cal Rb4b5] Threatening mate with Kb5.} Kd6 $1 80. Kb5 Kd5 81. Kb4 {White threatens Kb5 and mate.} Ke5 $2 {[%mdl 8192]} (81... Kd6 $11 82. Kc4 Ke7 83. Kd5 Kf6 84. Kd6 Kf7 85. Ke5 Kg7 86. f6+ Kf8) 82. Kc5 {White mates.} Kf6 83. Kd6 Kf7 84. Ke5 Kg7 85. Ke6 {Weighted Error Value: White=0.13/Black=0.15} 1-0

[Event "Speed Chess Championship 2020"]
[Site "Online"]
[Date "2020.12.02"]
[Round "2.7"]
[White "Vachier-Lagrave, Maxime"]
[Black "Aronian, Levon"]
[Result "1/2-1/2"]
[WhiteElo "2784"]
[BlackElo "2781"]
[Annotator "TA"]
[PlyCount "97"]
[EventDate "2020.10.31"]
[EventType "k.o."]
[EventCountry "NET"]
[SourceTitle "playchess.com"]
[Source "ChessBase"]
[SourceQuality "1"]

{[%evp 16,97,8,5,15,9,20,8,23,0,25,17,28,19,23,13,21,24,25,31,32,32,32,28,33,27,46,48,44,54,54,17,29,0,37,0,0,0,0,0,0,-13,-14,-9,0,0,0,-14,-12,-19,-12,-13,-4,-4,-4,-13,-13,-31,0,0,0,0,0,0,0,0,0,-170,-169,-64,-64,-64,-100,-93,-8,-8,0,0,0,-8,0,0,0,-8]} 1. c4 Nf6 2. Nc3 e6 3. e4 d5 4. e5 d4 5. exf6 dxc3 6. bxc3 Qxf6 7. Nf3 b6 8. d4 Bb7 9. Bd3 $1 {Hoping for Bg5. 9.Bd3 is better than 9.Be2.} Bxf3 {A18: English Opening: Flohr-Mikenas System (1 c4 Nf6 2 Nc3 e6 3 e4).} 10. Qxf3 Qxf3 11. gxf3 Nd7 {[#]} 12. Ke2 $146 ({Predecessor:} 12. Rb1 Bd6 13. Be4 Rd8 14. f4 c5 15. Ke2 Rc8 16. Bd3 f5 17. a4 Kf7 18. Be3 Rc7 19. Rb5 Be7 20. a5 Rd8 21. Ra1 g6 22. axb6 axb6 23. Ra4 {½-½ (23) Duda,J (2758)-Anand,V (2758) Wijk aan Zee 2020}) 12... Bd6 13. Be4 Rd8 14. Bg5 f6 15. Be3 f5 16. Bc6 f4 17. Bc1 Kf7 18. a4 e5 19. Rd1 g5 20. a5 Nf6 21. axb6 axb6 22. Ra7 Kg6 23. h3 h5 24. Rg1 Kh6 25. Bb2 Rh7 26. Rd1 Re7 27. Kf1 Rg8 28. Ra8 Rxa8 29. Bxa8 g4 30. hxg4 hxg4 31. Bc1 Kg5 32. dxe5 Bxe5 33. Rd3 Rd7 34. Rxd7 Nxd7 35. fxg4 Kxg4 $11 {[%mdl 4096] Endgame KBB-KBN} 36. Bd2 Nc5 37. Ke2 Nb3 38. Be1 Nc5 39. Bc6 Bf6 40. f3+ Kh3 (40... Kf5 {seems wilder.} 41. Kd2 Ke6 42. Be8 Ke7 43. Bh5 Kd6) 41. Kd2 $2 {[#]} (41. Bd2 $11) 41... Bh4 $1 $19 42. Bxh4 Kxh4 {KB-KN} 43. Ke2 Kg3 44. Bd5 Na4 (44... Nd7 $17) 45. Kd3 $11 {The position is equal.} Nb2+ 46. Kc2 Na4 47. Kd3 Nb2+ 48. Kc2 Na4 49. Kd3 {Weighted Error Value: White=0.13/Black=0.10} 1/2-1/2

[Event "Speed Chess Championship 2020"]
[Site "Online"]
[Date "2020.12.03"]
[Round "2.7"]
[White "Nakamura, Hikaru"]
[Black "Fedoseev, Vladimir"]
[Result "1-0"]
[WhiteElo "2736"]
[BlackElo "2676"]
[Annotator "ChessBase"]
[PlyCount "61"]
[EventDate "2020.10.31"]
[EventType "k.o."]
[EventCountry "NET"]
[SourceTitle "playchess.com"]
[Source "ChessBase"]
[SourceQuality "1"]
[TimeControl "300+1"]

1. d4 {[%emt 0:00:01]} d5 {[%emt 0:00:02]} 2. c4 {[%emt 0:00:01]} e6 {[%emt 0:00:02]} 3. Nf3 {[%emt 0:00:01]} Nf6 {[%emt 0:00:01]} 4. Nc3 {[%emt 0:00:01]} c6 {[%emt 0:00:02]} 5. Bg5 {[%emt 0:00:01]} h6 {[%emt 0:00:01]} 6. Bxf6 {[%emt 0:00:02]} Qxf6 {[%emt 0:00:00]} 7. e3 {[%emt 0:00:00]} Nd7 {[%emt 0:00:01]} 8. Bd3 {[%emt 0:00:01]} dxc4 {[%emt 0:00:01]} 9. Bxc4 {[%emt 0:00:00]} Bd6 {[%emt 0:00:01]} 10. O-O {[%emt 0:00:01]} Qe7 {[%emt 0:00:00]} 11. a3 {[%emt 0:00:08]} O-O {[%emt 0:00:01]} 12. Qd3 {[%emt 0:00:01]} Rd8 {[%emt 0:00:02]} 13. Rfd1 {[%emt 0:00:02]} a5 {[%emt 0:00:07]} 14. Rac1 {[%emt 0:00:21]} b6 {[%emt 0:00:36]} 15. e4 {[%emt 0:01:25]} Bb7 {[%emt 0:00:10]} 16. e5 {[%emt 0:00:02]} Bc7 {[%emt 0:00:04]} 17. Qe4 {[%emt 0:00:00]} Rab8 {[%emt 0:00:08]} 18. Bd3 {[%emt 0:00:05]} Nf8 {[%emt 0:00:06]} 19. Qe3 {[%emt 0:00:07]} c5 {[%emt 0:00:16]} 20. Nb5 {[%emt 0:00:04]} Rbc8 {[%emt 0:00:18]} 21. Be4 {[%emt 0:00:09]} Bb8 {[%emt 0:00:06]} 22. a4 {[%emt 0:00:17]} Ba6 {[%emt 0:00:04]} 23. h4 {[%emt 0:00:08]} Bxb5 {[%emt 0:00:03]} 24. axb5 {[%emt 0:00:01]} cxd4 {[%emt 0:00:09]} 25. Rxc8 {[%emt 0:00:22]} Rxc8 {[%emt 0:00:04]} 26. Nxd4 {[%emt 0:00:01]} Qxh4 {[%emt 0:00:57]} 27. Nc6 {[%emt 0:00:03]} Bc7 {[%emt 0:00:02]} 28. g3 {[%emt 0:00:06]} Qg4 {[%emt 0:00:03]} 29. Bf3 {[%emt 0:00:04]} Qa4 {[%emt 0:00:07]} 30. Ne7+ {[%emt 0:00:02]} Kh8 {[%emt 0:00:01]} 31. Nxc8 {[%emt 0:00:00]} 1-0

[Event "Speed Chess Championship 2020"]
[Site "Online"]
[Date "2020.12.03"]
[Round "2.8"]
[White "Aronian, Levon"]
[Black "Vachier-Lagrave, Maxime"]
[Result "0-1"]
[WhiteElo "2781"]
[BlackElo "2784"]
[Annotator "TA"]
[PlyCount "116"]
[EventDate "2020.10.31"]
[EventType "k.o."]
[EventCountry "NET"]
[SourceTitle "playchess.com"]
[Source "ChessBase"]
[SourceQuality "1"]

{[%evp 9,116,0,0,0,0,-14,-4,0,14,2,28,14,16,9,25,23,25,-17,-6,-23,-1,-10,-8,0,0,0,0,0,0,0,0,0,0,-56,0,0,0,-8,0,-21,-12,-24,0,0,0,0,7,8,15,0,12,8,10,0,0,0,0,0,0,-47,-44,-120,-118,-177,-37,-25,-35,-16,-23,-148,-152,-148,-146,-148,0,0,8,0,0,0,0,-4,0,-49,-51,-164,-164,-160,-155,-199,-181,-210,-194,-172,-137,-133,-71,-84,-53,-151,-138,-367,-366,-4943,-1884,-29982,-29983,-29982,-29983]} 1. d4 Nf6 2. Nf3 g6 3. Nc3 d5 4. Bf4 Bg7 5. e3 O-O 6. Nb5 {D00: 1 d4 d5: Unusual lines.} Na6 {[%cal Bb8a6,Ba6b4,Bb4d3][%mdl 32]} 7. h3 c6 8. Nc3 {The position is equal.} b5 $5 {[%mdl 4] [#] Exploring less charted territory.} 9. Bd3 $146 ({Predecessor:} 9. Be2 Nc7 10. O-O a5 11. Bd3 Nce8 12. a3 Nd6 13. Be5 Nc4 14. Bxc4 dxc4 15. Bxf6 Bxf6 {1-0 (55) Hobber,A (2312)-Bergsson,S (2172) Kragero 2019}) 9... Nb4 10. a3 Nxd3+ 11. cxd3 a5 12. O-O Nd7 13. Ne5 Nxe5 14. Bxe5 Bxe5 15. dxe5 d4 16. Ne2 dxe3 17. fxe3 c5 18. Rc1 Qd5 19. d4 Bb7 {[%csl Gb7][%cal Rd5g2] [#]} 20. Nf4 Qe4 21. Qd3 (21. Rxc5 $11 Qxe3+ 22. Kh2) 21... Qxd3 ({Better is} 21... g5 $15) 22. Nxd3 $11 cxd4 23. Nc5 Bd5 24. exd4 Rfd8 25. Kf2 b4 26. axb4 axb4 27. Rfd1 Ra2 28. Rd2 b3 29. Ke3 Kg7 30. Nd3 Ra7 31. h4 h6 32. g3 g5 33. Nb4 Ba8 34. Rc3 Ra1 35. Rxb3 (35. hxg5 $15 hxg5 36. d5) 35... Rg1 $17 36. Rbd3 (36. Ke2 $17) 36... Rb8 (36... Rxg3+ $19 37. Ke2 Rg4 38. hxg5 hxg5) 37. Na6 $15 Rxg3+ 38. Ke2 Rg2+ 39. Ke3 (39. Ke1 $11 Rxd2 40. Rxd2) 39... Rxd2 $17 ({But not} 39... Rxb2 40. Rxb2 Rxb2 41. d5 $15) 40. Rxd2 {[%mdl 4096] Endgame KRB-KRN} Rb3+ 41. Kf2 gxh4 ({Black should try} 41... Rf3+ $17 42. Kg1 Rg3+ 43. Kh2 Re3 44. hxg5 hxg5) 42. d5 $1 $11 h3 {...e6 is the strong threat.} 43. Nc7 Bb7 (43... h2 $5 44. Kg2 $8 {[#]} Rh3 $1 $11 {[%mdl 512]}) 44. Kg1 Bc8 45. Kh2 Bd7 46. e6 fxe6 {Strongly threatening ...e5.} 47. dxe6 (47. d6 $15 exd6 48. Rxd6) 47... Bc6 $19 48. Rc2 Be4 49. Rf2 Kg6 50. Na6 Bf5 51. Nc7 Rb7 52. Nd5 Bg4 (52... Kg5 $142 53. b4 Bxe6) 53. b4 $17 Kg5 54. Rf1 (54. Rf7 $15) 54... Bxe6 55. Rg1+ $2 {Loses the game.} (55. Nf4 $17 {is the only way for White.} Bf5 56. Nxh3+ Bxh3 57. Kxh3) 55... Bg4 $19 56. b5 $2 (56. Ne3 h5 57. Rb1) 56... Rxb5 57. Nxe7 Rb2+ 58. Kg3 h5 {Weighted Error Value: White=0.49/Black=0.14} 0-1